Flood Hydrology Manual / (Record no. 7893)
[ view plain ]
| 000 -LEADER | |
|---|---|
| fixed length control field | 00275cam a2200109ua 4500 |
| 082 ## - DEWEY DECIMAL CLASSIFICATION NUMBER | |
| Classification number | 028.72551 |
| Item number | CUD/FL |
| 100 ## - MAIN ENTRY--AUTHOR NAME | |
| Personal name | Cudworth, Arthur G . |
| 245 ## - TITLE STATEMENT | |
| Title | Flood Hydrology Manual / |
| 260 ## - PUBLICATION, DISTRIBUTION, ETC. (IMPRINT) | |
| Place of publication | Jodhpur : |
| Name of publisher | Scientific Publishers , |
| Year of publication | 1991. |
| 300 ## - PHYSICAL DESCRIPTION | |
| Number of Pages | 243 ; . |
| 942 ## - ADDED ENTRY ELEMENTS (KOHA) | |
| Koha item type | Books |
| Withdrawn status | Lost status | Damaged status | Home library | Current library | Date acquired | Full call number | Accession Number | Koha item type |
|---|---|---|---|---|---|---|---|---|
| KAUAET | KAUAET | 07/04/2012 | 028.72551 | 17865 | Books | |||
| KAUAET | KAUAET | 07/04/2012 | 028.72551 | 16912 | Books |
